|
|
|
|
| LEADER |
00000nab a2200000uu 4500 |
| 001 |
vtls010899617 |
| 003 |
SK-MaSNL |
| 005 |
20260303141546.0 |
| 008 |
230222|2010 xo |||||||||||||||||eng| |
| 015 |
|
|
|a SNBRB
|
| 035 |
|
|
|a (urnnbn)urn:nbn:sk:snk:ar-a07itb
|
| 035 |
|
|
|a (uuid)96bf4834-fdff-4f19-9faf-e4cef5d2fb11
|
| 035 |
|
|
|a urn:nbn:sk:snk-ab8rj9
|
| 040 |
|
|
|a SNKBUCL
|b slo
|c SNKBUCL
|e AACR2
|
| 041 |
0 |
|
|a eng
|
| 044 |
|
|
|a xo
|c SK
|
| 100 |
1 |
|
|a Čižmárová, D.
|4 aut
|9 1161248
|
| 245 |
1 |
0 |
|a SURFACE DYEING OF POLYPROPYLENE FIBRES
|c D. Čižmárová, J. Šesták, P. Deanko
|
| 700 |
1 |
|
|a Šesták, J.
|4 aut
|9 777068
|
| 700 |
1 |
|
|a Deanko, P.
|4 aut
|9 1161250
|
| 773 |
0 |
|
|t Vlákna a textil
|g Roč. 17, č. 4 (2010), s. 7-12
|
| 958 |
|
|
|a OND
|
| 958 |
|
|
|a EUIPO
|
| 958 |
|
|
|a article10
|
| 999 |
|
|
|c 1977095
|d 1979025
|